El café en Costa Rica. Desarrollo capitalista y diferenciación social de los productores 1950-1980

Gardado en:
Detalles Bibliográficos
Autor Principal: Raventos Vorst, Ciska
Formato: Libro
Idioma:Undetermined
Publicado: San José, Costa Rica Escuela de Sociología,Universidad de Costa Rica 1983
Materias:
Etiquetas: Engadir etiqueta
Sen Etiquetas, Sexa o primeiro en etiquetar este rexistro!

MARC

LEADER 00000nam a2200000Ia 4500
008 170316s9999 xx 000 0 und d
040 |a cru BVZT 
090 |a Tesis 404 
100 |a Raventos Vorst, Ciska 
245 |a El café en Costa Rica. Desarrollo capitalista y diferenciación social de los productores 1950-1980 
260 |a San José, Costa Rica 
260 |b Escuela de Sociología,Universidad de Costa Rica 
260 |c 1983 
300 |a 99 páginas 
650 |a MAESTRÍA CENTROAMERICANA EN SOCIOLOGÍA 
650 |a TRABAJO FINAL DE GRADUACIÓN 
999 |c 14040  |d 14040 
942 |c TFG  |h Tesis 404  |2 z